000 00557nam a2200241 a 4500
001 nice12345678
003 IN_TiNIC
005 20260116011822.0
008 050524s1866 kana grp 000 0 urd
020 _a
_c0.5
082 0 0 _a297.831
_bMUH
100 _aMuhammad, Abu Rija
245 _aHadia-E-Mahdavia
260 _aKanpur
_bNizami Press
_c1866
300 _a312p
500 _aincludes index and biblioraphy
505 2 _aIndex
650 _aMahdavia
700 1 _aMuhammad, Abu Rija
902 _bRBA
942 _cBK
999 _c4192
_d4192